|
|
|
|
| LEADER |
00000nam a2200000 a 4500 |
| 001 |
vtls001397078 |
| 003 |
SK-MaSNL |
| 005 |
20260302034750.0 |
| 008 |
251029s1958 xr 0 100 cze |
| 035 |
|
|
|a SNK000351474
|
| 040 |
|
|
|a SNK
|b slo
|c SNK
|e AACR2
|
| 041 |
1 |
|
|a cze
|h eng
|
| 044 |
|
|
|a xr
|c CZ
|
| 080 |
|
|
|a 22/28(091)
|2 2001
|
| 100 |
1 |
|
|a Robertson, Archibald,
|d 1886-1961
|4 aut
|9 589752
|
| 245 |
1 |
0 |
|a Původ křesťanství
|c Archibald Robertson ; přeložila Rita Budínová ; doslov Ivan Sviták
|
| 250 |
|
|
|a 1. vyd.
|
| 260 |
|
|
|a Praha
|b Orbis
|c 1958
|
| 300 |
|
|
|a 212, [3] s.
|c 20 cm
|
| 490 |
1 |
|
|a Malá moderní encyklopedie
|v Sv. 3
|
| 504 |
|
|
|a Bibliogr. odkazy. Reg.
|
| 650 |
0 |
7 |
|a dejiny kresťanstva
|2 SNKPH
|9 82542
|
| 655 |
|
7 |
|a príručky
|2 SNKPH
|9 74364
|
| 700 |
1 |
|
|a Budínová, Rita
|4 trl
|9 686786
|
| 700 |
1 |
|
|a Sviták, Ivan
|4 aft
|9 280444
|
| 830 |
|
0 |
|a Malá moderní encyklopedie
|9 290476
|
| 999 |
|
|
|c 1067713
|d 1069643
|
| 952 |
|
|
|t P60, <04>, [BOOK], {604}
|a SNK
|b SNK
|y VYP
|7 0
|p 17A0252692
|o snkID 21258
|0 0
|1 0
|4 0
|d 2000-09-27
|l 0
|r 2005-01-02 00:00:00
|w 2026-02-24
|